|
|
|
|
| LEADER |
00654cam a2200181 7i4500 |
| 001 |
0000023744 |
| 005 |
20091022090000.0 |
| 020 |
0 |
0 |
|a 92-9137-353-2
|
| 090 |
0 |
0 |
|a B 338.7
|b INT
|
| 110 |
2 |
0 |
|a International Trade Centre (ITC)
|
| 245 |
2 |
0 |
|a All about promoting trade in services :
|b a complete handbook.
|
| 260 |
0 |
0 |
|a Geneva:
|b International Trade Centre (ITC)/ UNCTAD/ WTO,
|c 2007.
|
| 300 |
# |
# |
|a 138 p.
|
| 440 |
0 |
0 |
|a Services exporting
|
| 650 |
0 |
0 |
|a Services industries --
|x Handbook, manuals.etc
|
| 650 |
0 |
0 |
|a Exports --
|x Handbook, manuals.etc
|
| 650 |
0 |
0 |
|a Exports development --
|x Handbook, manuals.etc
|
| 999 |
|
|
|a 0000022501
|b Book
|c Book
|e Business Information Centre
|